00769nam a22002057a 450000500170000001000150001702000260003203500140005803700130007208200160008510000210010124500910012226000390021327000930025230000200034550000220036594200300038799900190041795201270043620180328143258.0 aENG-122444 a9789352804689c895.00 aEN-105976 bDBAD/PUB a305.8914073 aMishra,Sangay K. aDESIS DIVIDED :cby Sangay K. Mishara bThe political lives of south asian americans / c2018aNew DelhibSAGE Publications aB1/I-1Mohan Cooperative Industrial Area,Mathura Road,bNew Delhie110044mwww.sagepub.in c22cm(Hb)a285p. ain Includes index cEN2ddcmMISh305.8914073 c150617d150617 001040718NFICaDBADbLd2018-03-28eDBAD/PUBg895.00l0o305.8914073 MISpEN-105976r2018-03-28 00:00:00t1v895.00yEN